[Event "Helsingor Xtracon op"]
[Site "Helsingor"]
[Date "2016.07.24"]
[Round "2"]
[White "Chittka, Julius"]
[Black "Brokso, Kim"]
[Result "1-0"]
[WhiteElo "2109"]
[BlackElo "1713"]
[PlyCount "65"]
[EventDate "2016.07.23"]
[EventType "swiss"]
[EventRounds "10"]
[EventCountry "DEN"]
[SourceTitle "CBM 173 Extra"]
[Source "ChessBase"]
[SourceDate "2016.08.29"]
[SourceVersion "1"]
[SourceVersionDate "2016.08.29"]
[SourceQuality "1"]

1. d4 d5 2. c4 c6 3. Nc3 g6 4. Nf3 Bg7 5. Bf4 Nf6 6. e3 0-0 7. h3 Nh5 8. Be5 f5 9. Qb3 e6 10. Be2 Bxe5 11. Nxe5 Nf6 12. 0-0 Nbd7 13. f4 Nxe5 14. fxe5 Ne4 15. Nxe4 fxe4 16. Rxf8+ Qxf8 17. Rf1 Qe7 18. Rf6 Rb8 19. h4 Bd7 20. g4 g5 21. hxg5 Qg7 22. g6 hxg6 23. g5 b5 24. Qb4 Re8 25. b3 Rf8 26. Qd6 Rxf6 27. exf6 Qf7 28. cxb5 cxb5 29. Qb8+ Qe8 30. Qxa7 Kf8 31. Bxb5 Qc8 32. Qxd7 Qc1+ 33. Kf2 1-0

[Event "Helsingor Xtracon op"]
[Site "Helsingor"]
[Date "2016.07.24"]
[Round "3"]
[White "Haug, Johannes"]
[Black "Chittka, Julius"]
[Result "1/2-1/2"]
[WhiteElo "2318"]
[BlackElo "2109"]
[PlyCount "73"]
[EventDate "2016.07.23"]
[EventType "swiss"]
[EventRounds "10"]
[EventCountry "DEN"]
[SourceTitle "CBM 173 Extra"]
[Source "ChessBase"]
[SourceDate "2016.08.29"]
[SourceVersion "1"]
[SourceVersionDate "2016.08.29"]
[SourceQuality "1"]

1. e4 c5 2. Nf3 Nc6 3. Bb5 Qb6 4. Nc3 e6 5. Bxc6 Qxc6 6. d4 cxd4 7. Nxd4 Qc7 8. 0-0 a6 9. Re1 b5 10. Qf3 d6 11. Bg5 Be7 12. Qg3 Nf6 13. Bxf6 Bxf6 14. Ndxb5 axb5 15. Nxb5 Qa5 16. Nxd6+ Kf8 17. e5 Be7 18. Rad1 Bd7 19. b4 Qa4 20. Qf4 Be8 21. c3 g5 22. Qg3 Qxa2 23. b5 Qa7 24. c4 Qc5 25. Qc3 Ra4 26. Rb1 Kg7 27. Red1 Ra2 28. Ne4 Qa7 29. c5 Qa4 30. Nd6 Rc2 31. Qe3 h6 32. c6 Bxc6 33. bxc6 Qxc6 34. Qa7 Qc5 35. Qxc5 Rxc5 36. Rb7 Bxd6 37. exd6 1/2-1/2